[Event "MOKATE POL-chW 2019"]
[Site "Warsaw"]
[Date "2019.05.16"]
[Round "6.1"]
[White "Szczepkowska, Karina"]
[Black "Rajlich, Iweta"]
[Result "0-1"]
[WhiteElo "2431"]
[BlackElo "2378"]
[Annotator "TA"]
[PlyCount "84"]
[EventDate "2019.05.11"]
[EventType "tourn"]
[EventCountry "POL"]
[SourceTitle "playchess.com"]
[Source "ChessBase"]
[SourceQuality "1"]

{[%evp 12,86,47,48,47,49,62,52,55,50,50,51,44,44,52,49,61,27,39,31,29,0,-61,-154,-94,-162,-147,-209,-213,-241,-227,-246,-179,-191,-183,-210,-192,-293,-281,-283,-282,-281,-233,-230,-210,-211,-200,-211,-195,-286,-282,-330,-322,-364,-365,-372,-380,-372,-376,-390,-389,-402,-379,-397,-401,-430,-429,-431,-415,-457,-468,-562,-548,-1147,-659,-2202,-2096]} 1. d4 d5 2. c4 Nc6 3. cxd5 Qxd5 4. e3 e5 5. Nc3 Bb4 6. a3 Bxc3+ 7. bxc3 Nf6 {D07: Queen's Gambit: Chigorin Defence} 8. c4 Qd6 {[%cal Re5d4]} 9. d5 $1 {[%cal Rd5c6]} Nb8 {White is slightly better.} 10. Ne2 O-O 11. Nc3 Bf5 12. Be2 $146 ({Predecessor:} 12. a4 Na6 13. Ba3 Nb4 14. Be2 a5 15. O-O {½-½ (42) Wojtaszek,R (2733)-Rapport,R (2671) Biel 2015}) 12... Na6 13. O-O Rfe8 14. f3 e4 15. f4 c6 16. g4 {[#]} (16. Ra2 $11) 16... Nxg4 $1 $15 {[%mdl 512]} 17. Kh1 (17. Bxg4 $15 Qg6 18. h3) 17... Nf6 (17... Nh6 $142 18. Na4 cxd5) 18. Rg1 {[#]} (18. Bb2 $17) 18... Nc5 $1 $36 {[%mdl 2048] Keeping White busy.} 19. Qe1 {[#]} (19. Rg5 $17 Bg6 20. Qg1) 19... Nd3 $1 {[%cal Rd3e1]} (19... cxd5 20. Nb5 $17) 20. Qg3 {[%csl Gg1][%cal Rg3g7]} ({Much weaker is} 20. Bxd3 exd3 21. Bb2 cxd5 $19) 20... g6 21. Bd2 h6 ({Don't play} 21... cxd5 22. Nb5) 22. Qh4 Kh7 ({Not} 22... cxd5 23. Nb5 $14) 23. Rg2 Qe7 24. Qg3 (24. dxc6 {keeps fighting.} bxc6 25. Na2) 24... Rad8 25. h3 Rg8 26. Rb1 Bc8 27. Bg4 Nh5 28. Qh2 Bf5 29. Ne2 Ng7 30. Nd4 (30. dxc6 $142 bxc6 31. Bc3) 30... cxd5 31. cxd5 Rxd5 32. Qg1 Rc8 33. a4 b6 34. Rb5 Qd7 35. Rxd5 Qxd5 36. Bd1 Qd8 37. Bb3 Qf6 38. Kh2 Rc5 39. Bd1 Bd7 40. Nb3 Rd5 {Black is clearly winning.} 41. a5 bxa5 42. Nxa5 Bxh3 {Played: Qf6-h4} 0-1

[Event "MOKATE POL-chW 2019"]
[Site "Warsaw"]
[Date "2019.05.16"]
[Round "6.2"]
[White "Kubicka, Anna"]
[Black "Zawadzka, Jolanta"]
[Result "1-0"]
[WhiteElo "2142"]
[BlackElo "2427"]
[Annotator "TA"]
[PlyCount "73"]
[EventDate "2019.05.11"]
[EventType "tourn"]
[EventCountry "POL"]
[SourceTitle "playchess.com"]
[Source "ChessBase"]
[SourceQuality "1"]

{[%evp 28,91,6,5,21,0,0,-28,11,-17,0,-46,-46,-106,-54,-57,-25,-80,0,0,0,0,0,0,0,0,34,-32,54,47,363,339,335,341,351,348,330,356,319,252,251,249,254,250,314,227,5277,227,238,247,1000,279,437,433,29979,29982,29982,29983,29983,29984,29984,29985,29981,844,833,833]} 1. d4 d5 2. c4 e6 3. Nc3 c6 4. Nf3 dxc4 5. e3 b5 6. a4 Bb4 7. Bd2 a5 8. axb5 Bxc3 9. Bxc3 cxb5 10. b3 Bb7 11. bxc4 b4 12. Bb2 Nf6 13. Bd3 O-O 14. O-O Nbd7 15. Re1 Ne4 {D31: Queen's Gambit Declined: Semi-Slav without ...Nf6 (+ Marshall Gambit and Noteboom) and Exchange Variation lines without ...Nf6} 16. Nd2 (16. c5 Bc6 17. Qc2 f5 18. Bc4 Qe7 19. Bb3 Kh8 20. Red1 Qe8 21. Ba4 Bxa4 22. Rxa4 Ndf6 23. Rda1 {0-1 (35) Kasimdzhanov,R (2705)-Grischuk,A (2810) Tbilisi 2015}) 16... Nxd2 17. Qxd2 Qe7 {Black has an edge.} (17... Qg5 {is more complex.} 18. f4 Qe7 19. e4 a4 20. Reb1 Rfd8) 18. Qc2 h6 19. e4 e5 $146 ({Predecessor:} 19... Rfc8 20. f3 e5 21. Bf1 exd4 22. Qd2 Nc5 23. Qxd4 {0-1 (32) Tugarov,D-Kuryshkin,A (1976) Obninsk 2009}) 20. Re3 (20. d5 $15) 20... Rfd8 (20... exd4 $17 21. Bxd4 Nc5) 21. d5 $1 $15 Nc5 22. Rg3 (22. Bc1 $11 {keeps the balance.}) 22... f6 (22... a4 $17 {And now ...a3 would win.} 23. Bc1 Kh8) 23. Bc1 $11 {aiming for Bxh6.} Kh7 24. Be3 Rdc8 25. Bf1 Qf7 26. Qb1 Rc7 27. Be2 (27. f4 $14) 27... Bc8 (27... Kh8 $15) 28. Qd1 $1 $14 Nxe4 $2 {[%mdl 8192]} ({Black should try} 28... Bd7 $1 $14) 29. Bh5 $18 Qf8 30. Bg6+ {[%mdl 64] Double Attack} Kh8 31. Bxe4 Rxc4 32. Bd3 Rh4 33. Qc2 {Threatens to win with Qc7.} Bb7 34. Qc7 Bxd5 35. Rxa5 $40 {[%mdl 128] White attacks with force.} Rc8 36. Qd7 Bc4 $2 {[#]} (36... Rd8 37. Qc7 (37. Rxd5 Rxd7 38. Rxd7 b3 $16) 37... Be4) 37. Rxg7 {Played: Bd3xc4} 1-0

[Event "MOKATE POL-chW 2019"]
[Site "Warsaw"]
[Date "2019.05.16"]
[Round "6.3"]
[White "Socko, Monika"]
[Black "Majdan, Joanna"]
[Result "0-1"]
[WhiteElo "2445"]
[BlackElo "2371"]
[Annotator "TA"]
[PlyCount "80"]
[EventDate "2019.05.11"]
[EventType "tourn"]
[EventCountry "POL"]
[SourceTitle "playchess.com"]
[Source "ChessBase"]
[SourceQuality "1"]

{[%evp 10,80,31,12,14,-39,-21,-48,29,-42,-43,-43,-38,-67,-72,-84,-53,-52,-31,-32,-29,-36,-27,-32,-37,-68,-54,-71,-79,-66,-34,-25,-35,-65,-80,-260,-264,-246,-256,-213,-235,-267,-258,-301,-299,-304,-301,-319,-308,-332,-314,-307,-310,-280,-290,-415,-430,-425,-427,-424,0,-399,-388,-425,-418,-593,-587,-570,-518,-939,-904,-931,-914]} 1. d4 d6 2. e4 g6 3. Nc3 Bg7 4. Be3 Nf6 5. h3 O-O 6. g4 c5 {B07: Pirc Defence: Miscellaneous Systems} (6... Nc6 7. Nge2 e5 8. d5 Ne7 9. Ng3 c6 10. Qd2 cxd5 11. exd5 Qa5 12. O-O-O Bd7 13. Bh6 Rfc8 14. Bxg7 Kxg7 {1-0 (35) Bilguun,S (2490)-Chojnacki,K (2385) Gorzow Wielkopolski 2018}) 7. d5 (7. dxc5 $11 Qa5 8. Bg2 (8. cxd6 Nxe4 9. Nge2 Nxc3 $15)) 7... Qa5 $146 {Strongly threatening ...Nxe4.} ({Predecessor:} 7... e6 8. g5 Ne8 9. h4 Nc7 10. Bc4 b5 11. Bf1 b4 12. Nce2 exd5 13. exd5 Bxb2 14. Rb1 {0-1 (54) Jones,R (2063)-Sousa,A (2214) Bled 2002}) 8. Bg2 b5 (8... Qb4 $15 9. Bd2 Nbd7) 9. Nge2 (9. a3 $1 $11) 9... b4 $15 10. Nb1 Nfd7 11. Nd2 Ba6 12. Qc1 Bxe2 13. Kxe2 Nb6 14. f4 e6 15. Kf2 exd5 16. exd5 Na4 17. Rb1 Nd7 18. Nc4 Qa6 19. Qf1 Nab6 20. Nxd6 Qxa2 21. Qc1 a5 $1 22. Ra1 $2 {[#]} (22. Rd1 $17) 22... Qxb2 $19 23. Qxb2 Bxb2 24. Ra2 Bg7 25. Nb7 Nc4 26. Nxc5 Nxe3 27. Nxd7 Nxg2 28. Nxf8 Nxf4 29. Nd7 Nxd5 30. Kf3 Nc3 31. Raa1 a4 {[%cal Ba5a4,Ba4a3][%mdl 32]} 32. Rhe1 (32. g5 $142) 32... a3 33. Nb6 Rb8 34. Nd7 Ra8 35. Nb6 Rd8 36. Nc4 Nb5 37. Rad1 (37. Ra2 $142 Bf6 38. Rf1) 37... Rxd1 {Black is clearly winning.} 38. Rxd1 {White hopes to continue with Rd8+.} a2 39. Rd8+ (39. Ke3 $142) 39... Bf8 40. Rd1 {[#]} Nd4+ $1 {[%mdl 576] Double Attack. Accuracy: White = 24%, Black = 67%.} 0-1

[Event "MOKATE POL-chW 2019"]
[Site "Warsaw"]
[Date "2019.05.16"]
[Round "6.4"]
[White "Kulon, Klaudia"]
[Black "Dwilewicz, Katarzyna"]
[Result "1/2-1/2"]
[WhiteElo "2357"]
[BlackElo "2028"]
[Annotator "TA"]
[PlyCount "83"]
[EventDate "2019.05.11"]
[EventType "tourn"]
[EventCountry "POL"]
[SourceTitle "playchess.com"]
[Source "ChessBase"]
[SourceQuality "1"]

{[%evp 16,83,0,-20,1,-3,0,0,0,0,11,-48,20,25,15,10,64,56,46,30,33,36,29,35,21,-46,-41,-62,26,34,31,32,33,20,26,15,35,29,16,16,27,20,57,0,0,0,0,0,0,0,0,0,0,0,41,0,0,0,7,0,0,0,0,0,0,0,0,0,0,0]} 1. e4 e5 2. Nc3 Nf6 3. g3 d5 4. exd5 Nxd5 5. Bg2 Nxc3 6. bxc3 Nc6 7. Nf3 Bc5 8. O-O O-O 9. Re1 Qf6 {C47: Scotch Four Knights and Four Knights with 4 g3} 10. Qe2 (10. d3 h6 11. Rb1 Bb6 12. Be3 Bg4 13. h3 Be6 14. c4 e4 15. Nd2 exd3 16. c5 Ba5 17. Rxb7 Nb4 18. cxd3 Bd5 19. Rxb4 Bxg2 {½-½ (31) Nakamura,H (2787)-Xiong,J (2665) Saint Louis 2018}) 10... Bg4 11. h3 Bh5 12. g4 Bg6 13. d3 (13. g5 $11 Qf5 14. d3) 13... h6 $146 (13... e4 $1 $15 14. dxe4 Qxc3) ({Predecessor:} 13... e4 14. dxe4 Qxc3 15. Bd2 Qa3 16. Qb5 Bb6 17. Qb3 Qxb3 18. axb3 {½-½ (71) Bravo Lutz,S (2241)-Dunsbach,R (2146) Hessen 2014}) 14. Be3 Bd6 15. Nd2 Nd4 (15... Qe6 $11) 16. Qd1 Nb5 17. c4 Nd4 18. Bxb7 Rab8 19. Bg2 Rb2 20. c5 (20. Bxd4 $11 exd4 21. c5 Bxc5 22. Nc4) 20... Bxc5 $15 21. Nc4 Rbb8 (21... Rxc2 $15 22. Kh1 {[#]} (22. Bxd4 Rxc4 23. Bxc5 Rxc5 $17) (22. g5 $2 hxg5 23. Bxd4 Rxc4 $17) 22... e4 $1 {[%mdl 512]} 23. Bxd4 Bxd4 24. Qxc2 Bxa1 25. dxe4 Bd4) 22. c3 $11 Ne6 $1 {[%cal Bd4e6,Be6c5,Bc5d3][%mdl 32]} 23. Bxc5 Nxc5 24. Nxe5 Rb2 25. Re2 Rxe2 26. Qxe2 {Threatens to win with d4.} Re8 $1 {And now ...Nxd3 would win.} 27. d4 Nd3 $1 28. Qe3 Nxe5 29. f4 {[#]} ({White should play} 29. dxe5 $14 Rxe5 30. Qxa7) 29... Nf3+ $1 {[%mdl 576] Discovered Attack} 30. Qxf3 Be4 31. Qe3 Bc6 32. Qd2 Bxg2 33. Kxg2 {[%mdl 4096] Endgame KQR-KQR} Qc6+ 34. Kf2 a5 35. Qd3 Rb8 {aiming for ...Rb2+.The position is equal.} 36. Rc1 Qd5 37. Rc2 Qh1 38. Kg3 Qe1+ 39. Kf3 Qh1+ 40. Kg3 Qe1+ 41. Kf3 Qh1+ 42. Kg3 {Accuracy: White = 63%, Black = 47%.} 1/2-1/2

[Event "MOKATE POL-chW 2019"]
[Site "Warsaw"]
[Date "2019.05.16"]
[Round "6.5"]
[White "Warakomska, Anna"]
[Black "Sliwicka, Alicja"]
[Result "1/2-1/2"]
[WhiteElo "2218"]
[BlackElo "2271"]
[Annotator "ChessBase"]
[PlyCount "117"]
[EventDate "2019.05.11"]
[EventType "tourn"]
[EventCountry "POL"]
[SourceTitle "playchess.com"]
[Source "ChessBase"]
[SourceQuality "1"]
[TimeControl "40/5400+30:1800+30"]

1. e4 {[%emt 0:00:00]} e5 {[%emt 0:00:00]} 2. Nf3 {[%emt 0:00:00]} Nc6 {[%emt 0:00:00]} 3. Bc4 {[%emt 0:00:00]} Nf6 {[%emt 0:00:00]} 4. Ng5 {[%emt 0:00:10]} d5 {[%emt 0:00:00]} 5. exd5 {[%emt 0:00:04]} Na5 {[%emt 0:00:14]} 6. Bb5+ {[%emt 0:00:05]} c6 {[%emt 0:00:07]} 7. dxc6 {[%emt 0:00:03]} bxc6 {[%emt 0:00:06]} 8. Bd3 {[%emt 0:00:08]} Nd5 {[%emt 0:00:34]} 9. Nf3 {[%emt 0:01:38]} Bd6 {[%emt 0:04:25]} 10. O-O {[%emt 0:03:10]} Bg4 {[%emt 0:09:53]} 11. h3 {[%emt 0:08:20]} Bh5 {[%emt 0:02:12]} 12. Re1 {[%emt 0:01:44]} O-O {[%emt 0:02:08]} 13. g4 {[%emt 0:04:33]} f5 {[%emt 0:16:29]} 14. gxh5 {[%emt 0:08:38]} e4 {[%emt 0:00:08]} 15. Bf1 {[%emt 0:00:24]} exf3 {[%emt 0:00:59]} 16. Qxf3 {[%emt 0:00:25]} Qg5+ {[%emt 0:07:20]} 17. Bg2 {[%emt 0:04:01]} Rae8 {[%emt 0:00:45]} 18. Rd1 {[%emt 0:01:33]} Qf6 {[%emt 0:11:23]} 19. d3 {[%emt 0:09:35]} Nb7 {[%emt 0:05:39]} 20. c4 {[%emt 0:12:11]} Nb4 {[%emt 0:00:51]} 21. Na3 {[%emt 0:00:19]} Nc5 {[%emt 0:01:59]} 22. Bd2 {[%emt 0:13:10]} Nbxd3 {[%emt 0:01:48]} 23. Bc3 {[%emt 0:01:21]} Ne5 {[%emt 0:01:41]} 24. Bxe5 {[%emt 0:03:14]} Bxe5 {[%emt 0:01:37]} 25. Rab1 {[%emt 0:12:45]} Ne4 {[%emt 0:05:58]} 26. c5 {[%emt 0:03:55]} Bd4 {[%emt 0:01:52]} 27. Rf1 {[%emt 0:00:01]} Bxc5 {[%emt 0:02:05]} 28. Nc4 {[%emt 0:00:24]} Re6 {[%emt 0:03:16]} 29. Rbc1 {[%emt 0:01:31]} Kh8 {[%emt 0:06:06]} 30. Rc2 {[%emt 0:03:47]} Bd4 {[%emt 0:03:17]} 31. Qb3 {[%emt 0:02:02]} Nc5 {[%emt 0:05:07]} 32. Qf3 {[%emt 0:00:48]} f4 {[%emt 0:00:29]} 33. Nd2 {[%emt 0:00:40]} Nd7 {[%emt 0:01:33]} 34. Qa3 {[%emt 0:01:57]} Ne5 {[%emt 0:01:55]} 35. Nf3 {[%emt 0:00:56]} Nxf3+ {[%emt 0:00:20]} 36. Qxf3 {[%emt 0:01:01]} c5 {[%emt 0:00:44]} 37. Rd1 {[%emt 0:00:30]} a5 {[%emt 0:01:39]} 38. b3 {[%emt 0:01:41]} Re5 {[%emt 0:00:38]} 39. Rdd2 {[%emt 0:01:10]} Rg5 {[%emt 0:01:20]} 40. Kh2 {[%emt 0:00:00]} Qf7 {[%emt 0:00:00]} 41. Re2 {[%emt 0:02:54]} Rxh5 {[%emt 0:03:19]} 42. Re4 {[%emt 0:01:14]} Rf5 {[%emt 0:04:21]} 43. Rce2 {[%emt 0:01:28]} Qg6 {[%emt 0:02:01]} 44. Re6 {[%emt 0:05:01]} R5f6 {[%emt 0:00:07]} 45. Re7 {[%emt 0:04:27]} Qf5 {[%emt 0:07:14]} 46. R2e4 {[%emt 0:02:00]} h6 {[%emt 0:04:02]} 47. Bf1 {[%emt 0:01:11]} Qg5 {[%emt 0:01:21]} 48. Bd3 {[%emt 0:00:30]} Qd5 {[%emt 0:04:40]} 49. Rxg7 {[%emt 0:06:42]} Kxg7 {[%emt 0:03:19]} 50. Re7+ {[%emt 0:00:05]} R8f7 {[%emt 0:00:41]} 51. Qxd5 {[%emt 0:00:26]} Rxe7 {[%emt 0:00:04]} 52. Bc4 {[%emt 0:00:37]} Rf8 {[%emt 0:00:50]} 53. Qg2+ {[%emt 0:02:22]} Kh7 {[%emt 0:01:25]} 54. Qc6 {[%emt 0:01:20]} Kg7 {[%emt 0:01:12]} 55. Bd3 {[%emt 0:01:30]} Rf6 {[%emt 0:00:07]} 56. Qg2+ {[%emt 0:00:05]} Kh8 {[%emt 0:00:43]} 57. Qa8+ {[%emt 0:03:47]} Kg7 {[%emt 0:00:04]} 58. Qg2+ {[%emt 0:00:29]} Kh8 {[%emt 0:00:04]} 59. Qa8+ {[%emt 0:00:42]} 1/2-1/2

[Event "MOKATE POL-chW 2019"]
[Site "Warsaw"]
[Date "2019.05.17"]
[Round "7.1"]
[White "Sliwicka, Alicja"]
[Black "Szczepkowska, Karina"]
[Result "1/2-1/2"]
[WhiteElo "2271"]
[BlackElo "2431"]
[Annotator "TA"]
[PlyCount "90"]
[EventDate "2019.05.11"]
[EventType "tourn"]
[EventCountry "POL"]
[SourceTitle "playchess.com"]
[Source "ChessBase"]
[SourceQuality "1"]

{[%evp 24,90,0,0,0,0,0,-8,-12,-6,-23,0,0,-4,0,-4,0,0,0,0,0,-1,5,0,0,4,20,17,16,19,25,29,28,27,67,67,67,72,73,73,74,51,53,43,39,12,99,91,99,96,99,99,100,100,100,100,100,100,133,100,118,22,125,125,93,0,116,0,113]} 1. e4 e5 2. Nc3 Nf6 3. Nf3 Nc6 4. d4 exd4 5. Nxd4 Bb4 6. Nxc6 bxc6 7. Bd3 d5 8. exd5 cxd5 9. O-O O-O 10. Bg5 c6 11. Qf3 Be7 12. Rae1 Be6 13. Ne2 h6 {C47: Scotch Four Knights and Four Knights with 4 g3} 14. Bc1 (14. Bf4 Bg4 15. Qg3 Bxe2 16. Rxe2 Nh5 17. Qf3 Nxf4 18. Qxf4 Bd6 19. Qf5 g6 20. Qg4 h5 21. Qh3 {0-1 (37) Thakur,A (2363)-Halkias,S (2584) Sharjah 2017}) 14... c5 15. Bf5 Bxf5 16. Qxf5 Re8 $146 ({Predecessor:} 16... Bd6 17. Ng3 Bc7 18. Bf4 Rb8 19. b3 Rb6 20. Bxc7 Qxc7 21. Qf3 {½-½ (60) Murzin,V (1955)-Najdin,D (2336) Taganrog 2016}) 17. Ng3 Qd7 18. b3 Qxf5 19. Nxf5 Bf8 $1 20. Bb2 d4 21. c3 g6 22. Ng3 Nd5 23. cxd4 Bg7 24. Rd1 Rad8 25. Ba1 $36 {[%mdl 2048] White is more active.} cxd4 26. Bxd4 Bxd4 27. Rxd4 Nc3 28. Rc4 Ne2+ 29. Nxe2 Rxe2 $14 {[%mdl 4096] Endgame KRR-KRR} 30. Ra4 Rd7 31. g4 Kg7 32. Rc1 Rdd2 33. Rf4 $1 {Strongly threatening Rc7!} Re7 ({Of course not} 33... Rxa2 $6 {[#]} 34. Rc7 $1 $16 {[%mdl 512]}) 34. a4 Rb2 (34... Rd3 $1 $11 {keeps the balance.}) 35. Rc3 $16 g5 36. Rf5 Rb7 37. Rff3 Rb4 38. h3 Rb7 39. Kg2 Rb1 40. a5 Rd7 41. Rf5 Re7 42. a6 (42. Rb5 $16) 42... Rb2 (42... Rd7 $1 $11 {remains equal.}) 43. Rff3 Rb1 44. Rf5 Rb2 45. Rff3 (45. h4 $16) 45... Ra2 {Accuracy: White = 63%, Black = 42%.} (45... Rb1 $1 $11) 1/2-1/2

[Event "MOKATE POL-chW 2019"]
[Site "Warsaw"]
[Date "2019.05.17"]
[Round "7.2"]
[White "Dwilewicz, Katarzyna"]
[Black "Warakomska, Anna"]
[Result "0-1"]
[WhiteElo "2028"]
[BlackElo "2218"]
[Annotator "TA"]
[PlyCount "70"]
[EventDate "2019.05.11"]
[EventType "tourn"]
[EventCountry "POL"]
[SourceTitle "playchess.com"]
[Source "ChessBase"]
[SourceQuality "1"]

{[%evp 9,70,11,14,0,25,14,18,0,16,4,25,-7,-1,-1,-1,-39,-2,-2,-1,-8,5,-16,6,0,0,0,52,41,59,59,52,16,29,5,5,0,0,0,0,-63,-52,-35,0,-230,-231,-247,-238,-985,-981,-29992,-29993,-29995,-29989,-29994,-29992,-29997,-29998,-29998,-29993,-29997,-29998,-29998,-29999]} 1. e4 c6 2. d4 d5 3. e5 Bf5 4. h4 h5 5. Bd3 Bxd3 6. Qxd3 {B12: Caro-Kann: Advance Variation} Qa5+ 7. Nd2 {With the idea e6!} (7. Nc3 {seems wilder.} e6 8. Bg5 Ne7 9. Nge2 Nd7 10. b4) 7... e6 8. Ngf3 {The position is equal.} Ne7 9. O-O Nf5 10. c4 Qa6 11. b3 Be7 12. g3 O-O $146 ({Predecessor:} 12... Nd7) 13. Qc2 Nd7 14. Bb2 Rac8 15. Rfe1 g6 16. c5 b6 {[%cal Rb6c5]} 17. b4 {[%cal Bb3b4,Bb4c5][%mdl 32]} bxc5 (17... Qb7 $11) 18. bxc5 $14 Rb8 19. Bc3 Rb5 20. Rab1 Rfb8 21. Rec1 Rxb1 22. Rxb1 Rxb1+ 23. Qxb1 Kg7 24. Qb2 ({Better is} 24. Ba1 $11) 24... Qe2 $1 $15 25. Bb4 f6 26. Bc3 $2 (26. Qa3 $1 $11) 26... fxe5 $19 {And now ...e4 would win.} 27. Qb7 e4 {Hoping for ...e3!} 28. Ng5 $2 {[#]} (28. Qxd7 exf3 29. Nf1) 28... e3 $1 29. Nxe6+ {[#]} Kh6 $1 {[%mdl 512] Black mates.} 30. fxe3 Qxe3+ 31. Kg2 Qxg3+ {[%mdl 64] Double Attack} 32. Kh1 Ne3 {[%csl Ge3][%cal Rg3g2]} 33. Nf4 Qxf4 34. Qxd7 Qxh4+ 35. Kg1 Qg3+ {Accuracy: White = 35%, Black = 35%.} 0-1

[Event "MOKATE POL-chW 2019"]
[Site "Warsaw"]
[Date "2019.05.17"]
[Round "7.3"]
[White "Majdan, Joanna"]
[Black "Kulon, Klaudia"]
[Result "1-0"]
[WhiteElo "2371"]
[BlackElo "2357"]
[Annotator "NA RC"]
[PlyCount "77"]
[EventDate "2019.05.11"]
[EventType "tourn"]
[EventCountry "POL"]
[SourceTitle "playchess.com"]
[Source "ChessBase"]
[SourceQuality "1"]
[TimeControl "40/5400+30:1800+30"]

1. e4 {[%emt 0:00:00]} d5 {[%emt 0:00:00]} 2. exd5 {[%emt 0:00:00]} Nf6 {[%emt 0:00:00]} 3. Bb5+ {[%emt 0:01:04]} Bd7 {[%emt 0:00:00]} 4. Be2 {[%emt 0:00:05]} Nxd5 {[%emt 0:01:34]} 5. d4 {[%emt 0:00:06]} Bf5 {[%emt 0:02:19]} 6. a3 {[%emt 0:00:54]} g6 {[%emt 0:05:58] B01: Scandinavian Defence} (6... e6 7. c4 Nb6 8. Nc3 Be7 9. Nf3 O-O 10. Be3 Nc6 11. h3 h6 12. g4 Bh7 13. h4 Re8 14. g5 {½-½ (22) Nestorovic,N (2455)-Pakleza,Z (2508) Germany 2018}) 7. c4 {[%emt 0:06:50]} Nb6 {[%emt 0:00:27]} 8. Nc3 {[%emt 0:00:06]} Bg7 {[%emt 0:01:33]} 9. Be3 {[%emt 0:00:06]} O-O $146 {[%emt 0:14:46]} ({Predecessor:} 9... Nc6 10. Nf3 O-O 11. d5 Ne5 12. Nxe5 Bxe5 13. O-O c6 14. Bd4 Bxd4 15. Qxd4 cxd5 16. cxd5 {½-½ (32) Suc,T (1900)-Marolt,D (2006) Kranj 2008}) 10. h3 {[%emt 0:09:36]} e5 {[%emt 0:03:22]} 11. d5 {[%emt 0:01:19]} c6 {[%emt 0:03:14]} 12. Qb3 {[%emt 0:07:08]} cxd5 {[%emt 0:02:13]} 13. cxd5 {[%emt 0:00:06]} Na6 {[%emt 0:03:53]} 14. Nf3 {[%emt 0:12:15]} Rc8 {[%emt 0:03:12]} 15. Rd1 {[%emt 0:05:38]} e4 {[%emt 0:04:40]} 16. Nd4 {[%emt 0:03:00]} Nc5 {[%emt 0:01:20]} 17. Qa2 {[%emt 0:01:58]} Bd7 {[%emt 0:02:44]} 18. O-O {[%emt 0:01:56]} Re8 {[%emt 0:09:52]} 19. Ndb5 {[%emt 0:03:48]} Bxb5 {[%emt 0:00:36]} 20. Bxb5 {[%emt 0:00:36]} Nbd7 {[%emt 0:01:55]} 21. b4 {[%emt 0:08:00]} Na6 {[%emt 0:09:21]} 22. Ne2 {[%emt 0:00:42]} Nc7 {[%emt 0:01:07]} 23. Ba4 {[%emt 0:02:25]} b5 {[%emt 0:03:10]} 24. Bb3 {[%emt 0:00:04]} a6 {[%emt 0:00:29]} 25. d6 {[%emt 0:03:13]} Ne6 {[%emt 0:00:30]} 26. Nf4 {[%emt 0:00:04]} Nxf4 {[%emt 0:08:31]} 27. Bxf7+ {[%emt 0:00:09] Double Attack} ({Not} 27. Bxf4 Qf6 $16) 27... Kh8 {[%emt 0:00:04]} 28. Bxe8 {[%emt 0:03:13]} ({Weaker is} 28. Bxf4 Rf8 $18) 28... Nxh3+ {[%emt 0:00:04]} 29. gxh3 {[%emt 0:00:03]} Qxe8 {[%emt 0:00:04]} 30. Qd5 {[%emt 0:00:25]} Rc3 {[%emt 0:03:38]} 31. Rd4 {[%emt 0:02:36]} Qd8 {[%emt 0:06:48]} 32. Qxe4 {[%emt 0:00:44]} Be5 {[%emt 0:03:06]} 33. Rd5 $18 {[%emt 0:03:12]} Rc4 {[%emt 0:00:57]} 34. Bd4 {[%emt 0:00:41]} Qg5+ {[%emt 0:00:47]} 35. Kh1 {[%emt 0:00:05]} Rxd4 {[%emt 0:01:20]} 36. Rxd4 {[%emt 0:00:04]} Nf6 {[%emt 0:01:05]} 37. Qe3 {[%emt 0:02:52]} Qf5 {[%emt 0:01:16]} 38. d7 {[%emt 0:00:05]} Nxd7 {[%emt 0:00:16]} 39. Rxd7 {[%emt 0:00:11]} 1-0

[Event "MOKATE POL-chW 2019"]
[Site "Warsaw"]
[Date "2019.05.17"]
[Round "7.4"]
[White "Zawadzka, Jolanta"]
[Black "Socko, Monika"]
[Result "1-0"]
[WhiteElo "2427"]
[BlackElo "2445"]
[Annotator "RC"]
[PlyCount "69"]
[EventDate "2019.05.11"]
[EventType "tourn"]
[EventCountry "POL"]
[SourceTitle "playchess.com"]
[Source "ChessBase"]
[SourceQuality "1"]
[TimeControl "40/5400+30:1800+30"]

1. e4 {[%emt 0:00:00]} e6 {[%emt 0:00:00]} 2. d4 {[%emt 0:00:00]} d5 {[%emt 0:00:00]} 3. Nc3 {[%emt 0:00:00]} Nf6 {[%emt 0:00:00]} 4. e5 {[%emt 0:00:00]} Nfd7 {[%emt 0:00:00]} 5. Nce2 {[%emt 0:00:00]} c5 {[%emt 0:01:16]} 6. c3 {[%emt 0:00:06]} Nc6 {[%emt 0:00:03]} 7. Nf3 {[%emt 0:00:05]} a5 {[%emt 0:03:30]} 8. a3 {[%emt 0:00:16]} b6 {[%emt 0:10:42]} 9. Nf4 {[%emt 0:03:40]} Ba6 {[%emt 0:03:00]} 10. h4 {[%emt 0:04:32]} Bxf1 {[%emt 0:01:53]} 11. Kxf1 {[%emt 0:00:08]} h6 {[%emt 0:09:03]} 12. Qc2 {[%emt 0:10:32]} Qc7 {[%emt 0:06:50]} 13. Rh3 {[%emt 0:04:46]} c4 {[%emt 0:09:43]} 14. a4 {[%emt 0:21:27]} Qb7 {[%emt 0:22:34]} 15. b3 {[%emt 0:11:17]} b5 {[%emt 0:00:12]} 16. bxc4 {[%emt 0:00:29]} bxc4 {[%emt 0:00:12]} 17. Rb1 {[%emt 0:00:50]} Qc7 {[%emt 0:00:16]} 18. Nxe6 {[%emt 0:08:20]} fxe6 {[%emt 0:00:49]} 19. Qg6+ {[%emt 0:00:05]} Kd8 {[%emt 0:00:35]} 20. Qxe6 {[%emt 0:00:17]} Ne7 {[%emt 0:05:09]} 21. Ba3 {[%emt 0:01:02]} Ke8 {[%emt 0:08:29]} 22. Bxe7 {[%emt 0:03:00]} Bxe7 {[%emt 0:00:03]} 23. Qxd5 {[%emt 0:02:07]} Rc8 {[%emt 0:00:31]} 24. Qe4 {[%emt 0:04:52]} Qc6 {[%emt 0:06:00]} 25. d5 {[%emt 0:00:53]} Nc5 {[%emt 0:00:53]} 26. Qf5 {[%emt 0:08:21]} g6 {[%emt 0:02:26]} 27. Qg4 {[%emt 0:00:06]} h5 {[%emt 0:00:03]} 28. Qd4 {[%emt 0:00:34]} Qxa4 {[%emt 0:00:55]} 29. d6 {[%emt 0:01:01]} Qc2 {[%emt 0:01:18]} 30. Rd1 {[%emt 0:02:18]} Rb8 {[%emt 0:05:55]} 31. Ne1 {[%emt 0:01:47]} Qa4 {[%emt 0:01:07]} 32. dxe7 {[%emt 0:03:12]} Ne6 {[%emt 0:00:40]} 33. Qd6 {[%emt 0:00:25]} Kf7 {[%emt 0:00:03]} 34. Rf3+ {[%emt 0:00:46]} Kg7 {[%emt 0:00:01]} 35. Rf6 {[%emt 0:02:22]} 1-0